|
|
|
|
| LEADER |
00000nam a22000007a 4500 |
| 005 |
2018041301511.0 |
| 007 |
cr|||| |||| |
| 008 |
180413s2017 br |||||s|||| 00||0 por d |
| 020 |
|
|
|a 978-85-361-9453-0
|
| 035 |
|
|
|a 21362
|
| 040 |
|
|
|a vLex
|
| 090 |
|
|
|c 7754
|d 7754
|
| 100 |
1 |
|
|a Freire e Silva, Bruno
|
| 245 |
1 |
1 |
|a O Novo CPC e o Processo do Trabalho II Processo de Conhecimento
|h [Recurso electrn̤ico] /
|c Bruno Freire e Silva, Manoella Rossi Keunecke
|
| 256 |
|
|
|a Servicio en ln̕ea
|
| 260 |
|
|
|a San Pablo:
|b LTR,
|c 2017
|
| 300 |
|
|
|a 1 recurso electrn̤ico
|
| 500 |
|
|
|a A aplicaȯ̂ do novo CPC ao processo do trabalho ̌tema atuals̕simo, que enseja uma grande responsabilidade dos operadores do direito do trabalho. É patente a falta de uniformidade na aplicaȯ̂ supletiva e subsidir̀ia do processo comum a esse processo especial, tanto na vign̊cia do Cd̤igo de Processo Civil de 1973, quanto diante da promulgaȯ̂ e fim da vacacio legis do Novo CPC, que gerar ̀bastante inseguranȧ jurd̕ica. O presente livro ̌fruto de pesquisas desenvolvidas pelos autores que, alm̌ de Professores, militam como advogados no foro trabalhista e lidam diariamente com essa heterointegraȯ̂ de normas. O exercc̕io do magistřio por eles na UERJ – Universidade do Estado do Rio de Janeiro, FGV – Fundaȯ̂ Getl︢io Vargas e CESUSC – Complexo Superior de Ensino de Santa Catarina onde ministram matřias de Processo Civil e Processo do Trabalho tambm̌ em muito contribuiu para as concluse̳s dos autores. Trata-se de volume dedicado ao processo de conhecimento, no qual sô realizados comentr̀ios de artigo por artigo, interpretados pelos autores em conjunto com a Consolidaȯ̂ das Leis do Trabalho, a fim de alcanȧr uma interpretaȯ̂ uniforme na supletividade e subsidiariedade do novo CPC ao processo do trabalho. Para tanto, os autores se valem de um dil̀ogo com a doutrina especializada, das discusse̳s realizadas nos fr̤uns nacionais de processualistas, bem como interpretaė̳s sobre o tema colhidas na jurisprudn̊cia dos Tribunais Regionais do Trabalho e Tribunal Superior do Trabalho.
|
| 506 |
1 |
|
|a Disponible solo en los productos indicados
|d vLex Global
|d vLex Global (Academic Edition, excluding Law Schools)
|d vLex Global (U.S. Academic Edition, Law Schools)
|d vLex Global (U.S. Academic Edition, excluding Law Schools)
|d vLex Global (Academic Edition, Law Schools)
|
| 650 |
0 |
4 |
|a Derecho Laboral y Seguridad Social
|z Brasil
|
| 650 |
0 |
4 |
|a Derecho Procesal
|z Brasil
|
| 650 |
0 |
4 |
|a Procedimiento Laboral
|z Brasil
|
| 700 |
1 |
|
|a Rossi Keunecke, Manoella
|
| 740 |
0 |
|
|a vLex Libros (Servicio en ln̕ea)
|
| 856 |
4 |
0 |
|u http://vlex.com/source/novo-cpc-e-o-processo-do-trabalho-21362
|z Acceso restringido
|
| 942 |
|
|
|c BOOK
|
| 999 |
0 |
|
|a Labor Law and Social Security
|
| 999 |
0 |
|
|a Procedural Law
|
| 999 |
0 |
|
|a Labor Procedure
|